Most Famous Presidents - Statistics

General Stats
  • This quiz has been taken 73 times
  • The average score is 12 of 16
Answer Stats
President % Correct
George Washington
97%
Abraham Lincoln
95%
Barack Obama
89%
Franklin D. Roosevelt
89%
Theodore Roosevelt
88%
Thomas Jefferson
86%
John F. Kennedy
83%
John Adams
76%
Harry S. Truman
74%
Ronald Reagan
74%
Dwight D. Eisenhower
70%
Lyndon B. Johnson
64%
Woodrow Wilson
59%
James Madison
52%
James Monroe
42%
William Mckinley
29%
No matching quizzes found
Score Distribution
Percent of People with Each Score
Percentile by Number Answered
Your Score History
You have not taken this quiz